| 000 | 00675cam a22002413a 4500 | ||
|---|---|---|---|
| 001 | 23334 | ||
| 003 | PGUSA | ||
| 005 | 20140828083510.0 | ||
| 008 | 071105s2007||||xxu|||||s|||||000 | eng d | ||
| 040 |
_aPGUSA _beng |
||
| 042 | _adc | ||
| 050 | 4 | _aBL | |
| 100 | 1 |
_aDrummond, Henry, _d1851-1897 |
|
| 245 | 1 | 0 |
_aNatural Law in the Spiritual World _h[electronic resource] / _cHenry Drummond |
| 260 |
_bProject Gutenberg, _c2007 |
||
| 506 | _aPublic domain in the USA. | ||
| 516 | _aElectronic text | ||
| 653 | _aReligion and science | ||
| 653 | _aNatural theology | ||
| 830 | 0 |
_aProject Gutenberg _v23334 |
|
| 856 | 4 | 0 | _uhttp://www.gutenberg.org/ebooks/23334 |
| 942 | _cEB | ||
| 999 |
_c252589 _d252589 |
||